Estadísticas para Bundesliga

Haz click aquí para intentar la prueba.

Estadísticas generales

  • Esta prueba ha sido intentada 70 veces
  • La puntuación promedio es 14 de 18

Estadísticas de respuestas

Respuesta% Correcto
Bayern Munich
95%
Borussia Dortmund
91%
RB Leipzig
86%
Schalke 04
86%
Köln
83%
Union Berlin
83%
Hertha Berlin
81%
Wolfsburg
81%
Bayer Leverkusen
77%
Mainz 05
73%
Borussia Mönchengladbach
72%
Stuttgart
72%
Hoffenheim
70%
Freiburg
69%
Werder Bremen
69%
Bochum
67%
Augsburg
61%
Eintracht Frankfurt
61%

Distribución de puntuación

Porcentaje por número respondido

Porcentaje de gente con cada puntuación

Historial de tus puntuaciones

No has intentado esta prueba.